Masia de Torribera [Enregistrament de vídeo] / Centre d'Estudis de l'Anella Verda
Publicado:
[Barcelona] :
L'Anella Verda : Diputació de Barcelona : Ajuntament de Santa Coloma de Gramanet ,
1999
Descripción Física:
1 disc òptic (DVD) : col. so
Otros Autores:
Centre d'Estudis de l'Anella Verda
MARC
| LEADER | 00000ngm a2200000Ia 4500 | ||
|---|---|---|---|
| 001 | 19794 | ||
| 007 | co aa aaaaa | ||
| 008 | 160829s1999 xx 000 0 cat d | ||
| 080 | |a CD-1-84 | ||
| 245 | |a Masia de Torribera [Enregistrament de vídeo] / Centre d'Estudis de l'Anella Verda | ||
| 260 | |a [Barcelona] : |b L'Anella Verda : |b Diputació de Barcelona : |b Ajuntament de Santa Coloma de Gramanet, |c 1999 | ||
| 300 | |a 1 disc òptic (DVD) : |b col. so | ||
| 650 | |a Masia de Torribera (Santa Coloma de Gramenet) |9 39853 | ||
| 655 | 0 | |9 54986 |a DVD | |
| 700 | |a Centre d'Estudis de l'Anella Verda |9 43954 | ||
| 710 | 1 | |a Santa Coloma de Gramenet (Catalunya). |b Ajuntament |9 52755 | |
| 710 | 1 | |a Barcelona (Catalunya : Província). |b Diputació |9 52408 | |
| 901 | |a Arxiu | ||
| 942 | |n 1 |2 udc | ||
| 952 | |0 0 |1 0 |4 0 |6 CD184 |7 1 |9 51697 |a Arxiu |b Arxiu |d 2016-12-01 |l 0 |o CD-1-84 |p 19794 |r 2016-12-01 00:00:00 |w 2016-12-01 |y ARXIU | ||
| 999 | |c 55542 |d 55542 | ||